000
00404nam a22001697a 4500
003
MPLRDC
005
20220104144037.0
008
210129b ||||| |||| 00| 0 eng d
082
_a
868 LHM
100
_a
廖怀明 编著
245
_a
海那边中国人
_c
250
_a
初版
260
_a
_b
南海出版公司
_c
1992
300
_b
平
650
_a
东南亚各国文学
942
_c
BK
_o
868 LHM
999
_c
45843
_d
45833